[Event "EU-ch (Women) 2nd"]
[Site "Warsaw"]
[Date "2001.04.29"]
[Round "7"]
[White "Iwaniuk, Dorota"]
[Black "Morkunaite, Egle"]
[Result "1-0"]
[WhiteElo "2266"]
[BlackElo "2028"]
[PlyCount "157"]
[EventDate "2001.04.22"]
[EventType "swiss"]
[EventRounds "11"]
[EventCountry "POL"]
[SourceTitle "CBM 082 Extra"]
[Source "ChessBase"]
[SourceDate "2001.07.03"]
[SourceVersion "1"]
[SourceVersionDate "2001.07.03"]
[SourceQuality "1"]

1. e4 d5 2. exd5 Qxd5 3. Nc3 Qa5 4. d4 Nf6 5. Bc4 Nc6 6. d5 Nb4 7. Bd2 Qc5 8. Bb5+ Bd7 9. Bxd7+ Nxd7 10. Be3 Qc4 11. a3 Na6 12. Qd4 Qxd4 13. Bxd4 Nf6 14. 0-0-0 0-0-0 15. Be5 Nc5 16. Nh3 h6 17. Rhe1 Ncd7 18. f4 Nb6 19. Nb5 Rxd5 20. Nxa7+ Kb8 21. Rxd5 Nfxd5 22. Nb5 f6 23. Bd4 c6 24. Nc3 g5 25. f5 g4 26. Nf2 h5 27. Nxd5 Nxd5 28. c4 Nc7 29. Kc2 Ne8 30. Ne4 Ng7 31. Rf1 h4 32. Nc5 Kc7 33. Kd3 Rh5 34. Ke4 b6 35. Nd3 c5 36. Bc3 Ne8 37. Nf4 Nd6+ 38. Kd3 Rh8 39. b4 Kd7 40. Nd5 Kc6 41. Ne3 Rg8 42. b5+ Kb7 43. a4 Bh6 44. Nd5 Ra8 45. Nxe7 Rxa4 46. Bxf6 Nxc4 47. Ng8 Ne3 48. Re1 Ra3+ 49. Bc3 Nd5 50. Nxh6 Rxc3+ 51. Ke4 Nc7 52. f6 Nxb5 53. Ke5 Rd3 54. f7 Rd8 55. Rf1 Rf8 56. Nxg4 Kc7 57. Nf6 Nd6 58. Ke6 Nxf7 59. Nd5+ Kc6 60. Ne7+ Kb5 61. Rxf7 Rxf7 62. Kxf7 c4 63. Nd5 Kc5 64. Ke6 b5 65. Ke5 b4 66. Ke4 b3 67. Nc3 b2 68. g4 hxg3 69. hxg3 Kd6 70. Ke3 Ke5 71. g4 Kf6 72. Kf4 Kg6 73. g5 Kg7 74. Kf5 Kf7 75. g6+ Kg7 76. Kg5 Kg8 77. Kf6 Kf8 78. g7+ Kg8 79. Nb1 1-0

[Event "EU-ch (Women) 2nd"]
[Site "Warsaw"]
[Date "2001.04.27"]
[Round "6"]
[White "Ismayilova, Parvana Khalid Qizi"]
[Black "Iwaniuk, Dorota"]
[Result "0-1"]
[WhiteElo "2140"]
[BlackElo "2266"]
[PlyCount "110"]
[EventDate "2001.04.22"]
[EventType "swiss"]
[EventRounds "11"]
[EventCountry "POL"]
[SourceTitle "CBM 082 Extra"]
[Source "ChessBase"]
[SourceDate "2001.07.03"]
[SourceVersion "1"]
[SourceVersionDate "2001.07.03"]
[SourceQuality "1"]

1. d4 Nf6 2. c4 e6 3. Nf3 Bb4+ 4. Bd2 Qe7 5. a3 Bxd2+ 6. Nbxd2 d6 7. e3 e5 8. dxe5 dxe5 9. Qc2 0-0 10. Bd3 Re8 11. Rd1 g6 12. Ne4 Nxe4 13. Bxe4 c6 14. Qc3 f5 15. Bb1 e4 16. Nd4 Nd7 17. 0-0 Ne5 18. c5 a5 19. Ba2+ Kf8 20. Rd2 Qf6 21. Rfd1 Kg7 22. Bb1 Re7 23. Ne2 Be6 24. Nf4 Rae8 25. Rd4 Bf7 26. Rd6 Qh4 27. h3 Kg8 28. Bc2 Qg5 29. Kh1 Qh6 30. Rd8 Qg7 31. R1d4 g5 32. Ne2 Bh5 33. Ng3 Bg6 34. Qxa5 g4 35. hxg4 Nxg4 36. Bb3+ Kf8 37. Rxe8+ Rxe8 38. Qd2 f4 39. Nf1 fxe3 40. Nxe3 Qh6+ 41. Kg1 Qh2+ 42. Kf1 Bh5 43. Ke1 Qg1+ 44. Nf1 e3 45. Rf4+ Kg7 46. Qd7+ Kh6 47. Qd6+ Bg6 48. Rf7 Re5 49. Qf8+ Kh5 50. Bd1 exf2+ 51. Kd2 Rd5+ 52. Ke2 Qxg2 53. Rf3 Re5+ 54. Kd2 Qxf1 55. Kc1 Rd5 0-1

[Event "EU-ch (Women) 2nd"]
[Site "Warsaw"]
[Date "2001.04.22"]
[Round "1"]
[White "Galliamova, Alisa"]
[Black "Iwaniuk, Dorota"]
[Result "1-0"]
[WhiteElo "2554"]
[BlackElo "2266"]
[PlyCount "81"]
[EventDate "2001.04.22"]
[EventType "swiss"]
[EventRounds "11"]
[EventCountry "POL"]
[SourceTitle "CBM 082 Extra"]
[Source "ChessBase"]
[SourceDate "2001.07.03"]
[SourceVersion "1"]
[SourceVersionDate "2001.07.03"]
[SourceQuality "1"]

1. Nf3 Nf6 2. c4 e6 3. g3 b6 4. Bg2 Bb7 5. 0-0 Be7 6. Nc3 0-0 7. Re1 d6 8. e4 c5 9. d4 cxd4 10. Nxd4 Qc8 11. Be3 Rd8 12. Rc1 Nbd7 13. f4 g6 14. Qe2 Bf8 15. Rf1 Bg7 16. Ndb5 Qb8 17. Rcd1 Nc5 18. Bd4 e5 19. Bf2 a6 20. fxe5 dxe5 21. Rxd8+ Qxd8 22. Rd1 Qe7 23. Nd6 Bc6 24. b4 Ne6 25. Bxb6 Nd4 26. Bxd4 exd4 27. e5 dxc3 28. Bxc6 Rd8 29. c5 Nh5 30. Re1 Bh6 31. Bd5 Bd2 32. Rf1 Qg5 33. Kh1 Qxg3 34. Rxf7 Kh8 35. Rf3 Nf4 36. Qf1 Qxf3+ 37. Bxf3 c2 38. Nf7+ Kg7 39. Nxd8 c1Q 40. Qxc1 Bxc1 41. c6 1-0

[Event "Krakow op-C"]
[Site "Krakow"]
[Date "2000.12.30"]
[Round "4"]
[White "Karlovich, Anastazia"]
[Black "Iwaniuk, Dorota"]
[Result "1/2-1/2"]
[WhiteElo "2273"]
[BlackElo "2220"]
[PlyCount "37"]
[EventDate "2000.12.??"]
[EventType "swiss"]
[EventRounds "9"]
[EventCountry "POL"]
[SourceTitle "EXT 2005"]
[Source "ChessBase"]
[SourceDate "2004.11.15"]
[SourceVersion "1"]
[SourceVersionDate "2004.11.15"]
[SourceQuality "1"]

1. e4 c5 2. Nf3 d6 3. c3 Nf6 4. Bc4 Nxe4 5. Qa4+ Nc6 6. Bxf7+ Kxf7 7. Qxe4 e6 8. d4 Be7 9. h4 d5 10. Qe3 cxd4 11. cxd4 Re8 12. Bd2 Kg8 13. Bc3 Bd7 14. Nbd2 b5 15. b3 Qb6 16. 0-0 Bf6 17. Rfe1 b4 18. Bb2 a5 19. g3 1/2-1/2

[Event "Krakow op-C"]
[Site "Krakow"]
[Date "2000.12.29"]
[Round "3"]
[White "Iwaniuk, Dorota"]
[Black "Kasparova, Tatiana"]
[Result "1-0"]
[WhiteElo "2220"]
[BlackElo "2199"]
[PlyCount "116"]
[EventDate "2000.12.??"]
[EventType "swiss"]
[EventRounds "9"]
[EventCountry "POL"]
[SourceTitle "EXT 2005"]
[Source "ChessBase"]
[SourceDate "2004.11.15"]
[SourceVersion "1"]
[SourceVersionDate "2004.11.15"]
[SourceQuality "1"]

1. e4 d6 2. d4 Nf6 3. Nc3 e5 4. Nf3 Nbd7 5. Bc4 Be7 6. 0-0 0-0 7. Re1 c6 8. a4 b6 9. h3 Bb7 10. Bg5 a6 11. Qe2 Re8 12. dxe5 dxe5 13. Rad1 Qc7 14. Nh4 b5 15. Ba2 h6 16. Bxf6 Nxf6 17. Nf5 Bf8 18. Qf3 Kh7 19. g4 Ng8 20. Ng3 Re7 21. Rd3 Bc8 22. Nf5 Re8 23. Red1 Ra7 24. Nd6 Bxd6 25. Rxd6 Nf6 26. Qe3 Be6 27. Bxe6 Rxe6 28. Qc5 bxa4 29. Rxe6 fxe6 30. Rd6 Rb7 31. Rxe6 Rxb2 32. Re7 Qb8 33. Qxc6 Rb6 34. Qc5 a3 35. Qxa3 Qc8 36. Rxe5 Qc7 37. Qa5 Rc6 38. Qxc7 Rxc7 39. Nd5 Nxd5 40. Rxd5 Rxc2 41. Ra5 Rc6 42. Kg2 Kg6 43. h4 Kf6 44. e5+ Kf7 45. h5 Rb6 46. f4 Ke6 47. f5+ Ke7 48. Rc5 Kd7 49. Rd5+ Ke7 50. Kf3 Rb3+ 51. Ke4 Rb4+ 52. Rd4 Rb5 53. Rc4 Kd7 54. e6+ Ke7 55. Rc7+ Kf8 56. Rf7+ Kg8 57. Ra7 Kf8 58. Rxa6 Rb7 1-0

[Event "POL-chT 56th"]
[Site "Zakopane"]
[Date "2000.09.12"]
[Round "10"]
[White "Rajlich, Iweta"]
[Black "Iwaniuk, Dorota"]
[Result "1-0"]
[WhiteElo "2447"]
[BlackElo "2220"]
[PlyCount "135"]
[EventDate "2000.09.02"]
[EventType "team-tourn"]
[EventRounds "11"]
[EventCountry "POL"]
[SourceTitle "EXT 2019"]
[Source "ChessBase"]
[SourceDate "2018.10.10"]
[SourceVersion "1"]
[SourceVersionDate "2018.10.10"]
[SourceQuality "1"]
[WhiteTeam "Gorzow Wielkopolski Stilon"]
[BlackTeam "Plock PTSz"]
[WhiteTeamCountry "POL"]
[BlackTeamCountry "POL"]

1. d4 Nf6 2. c4 e6 3. Nf3 Bb4+ 4. Nbd2 b6 5. a3 Bxd2+ 6. Qxd2 Bb7 7. e3 d6 8. Be2 Nbd7 9. 0-0 c5 10. b4 0-0 11. Bb2 Qe7 12. dxc5 bxc5 13. b5 Ne4 14. Qc2 f5 15. Bd3 Ng5 16. Ne1 g6 17. f3 e5 18. Qc3 Nf6 19. Rf2 e4 20. h4 Nxf3+ 21. gxf3 exd3 22. Ng2 Rae8 23. Rd1 d5 24. cxd5 Bxd5 25. Rxd3 Qb7 26. e4 Be6 27. Re3 Qxb5 28. exf5 Bxf5 29. Rxe8 Qxe8 30. Nf4 Qa4 31. Qe5 Qc6 32. Nh5 Nxh5 33. Qh8+ Kf7 34. Qxh7+ Ke6 35. Re2+ Kd5 36. Qe7 Re8 37. Qxe8 Qxe8 38. Rxe8 Nf4 39. h5 Nxh5 40. Rd8+ Kc4 41. Be5 Kb3 42. Ra8 Kxa3 43. Rxa7+ Kb3 44. Kf2 Kc4 45. Ra3 Kd5 46. Re3 c4 47. Ke1 Bd3 48. Kd2 Ke6 49. Bh2+ Kd5 50. Kc3 Ng7 51. Re5+ Kc6 52. Re7 Nh5 53. Kd4 Kb5 54. Be5 Be2 55. Rf7 Bd3 56. Rd7 Be2 57. Rd5+ Kb4 58. Rd6 Bd3 59. Rb6+ Ka5 60. Kc5 Ka4 61. Kd4 Ka5 62. Bc7 Ka4 63. Kc3 Ng7 64. Rb4+ Ka3 65. Rb5 Ka2 66. Ra5+ Kb1 67. Be5 Nf5 68. Kd2 1-0

[Event "POL-chT 56th"]
[Site "Zakopane"]
[Date "2000.09.11"]
[Round "9"]
[White "Bednarska, Malgorzata"]
[Black "Iwaniuk, Dorota"]
[Result "1-0"]
[WhiteElo "2236"]
[BlackElo "2220"]
[PlyCount "45"]
[EventDate "2000.09.02"]
[EventType "team-tourn"]
[EventRounds "11"]
[EventCountry "POL"]
[SourceTitle "EXT 2019"]
[Source "ChessBase"]
[SourceDate "2018.10.10"]
[SourceVersion "1"]
[SourceVersionDate "2018.10.10"]
[SourceQuality "1"]
[WhiteTeam "Kozuchow Odrodzenie"]
[BlackTeam "Plock PTSz"]
[WhiteTeamCountry "POL"]
[BlackTeamCountry "POL"]

1. e4 c5 2. Nf3 d6 3. d4 cxd4 4. Nxd4 Nf6 5. Nc3 a6 6. Bc4 e6 7. Bb3 Nbd7 8. f4 Nc5 9. 0-0 Be7 10. e5 dxe5 11. fxe5 Nfd7 12. Qh5 0-0 13. Bf4 Nxb3 14. axb3 Nf6 15. exf6 Qxd4+ 16. Kh1 Bxf6 17. Rad1 Qb6 18. Bd6 Rd8 19. Rxf6 gxf6 20. Ne4 Kg7 21. Qg4+ Kh8 22. Nxf6 Qb5 23. Nh5 1-0

[Event "EU-ch U20 Girls"]
[Site "Aviles"]
[Date "2000.08.27"]
[Round "11"]
[White "Iwaniuk, Dorota"]
[Black "Khukhashvili, Sopiko"]
[Result "0-1"]
[WhiteElo "2220"]
[BlackElo "2272"]
[PlyCount "98"]
[EventDate "2000.08.18"]
[EventType "swiss"]
[EventRounds "11"]
[EventCountry "ESP"]
[SourceTitle "CBM 077 Extra"]
[Source "ChessBase"]
[SourceDate "2000.09.14"]
[SourceVersion "1"]
[SourceVersionDate "2000.09.14"]
[SourceQuality "1"]

1. e4 c5 2. Nf3 d6 3. d4 cxd4 4. Nxd4 Nf6 5. Nc3 a6 6. Be3 e5 7. Nb3 Be6 8. f3 Be7 9. Qd2 Nbd7 10. g4 Qc7 11. g5 Nh5 12. 0-0-0 Rc8 13. Kb1 b5 14. Nd5 Bxd5 15. exd5 Nb6 16. Bxb6 Qxb6 17. Bd3 Nf4 18. h4 g6 19. Be4 h6 20. Na5 hxg5 21. hxg5 Kd7 22. Nc6 Bxg5 23. c3 Bh4 24. Qc2 Rcf8 25. Bf5+ gxf5 26. Qxf5+ Kc7 27. Nxe5 dxe5 28. d6+ Kb7 29. Qxe5 Ng6 30. Qf5 Bd8 31. Rhe1 Kb8 32. a4 Qf2 33. Qd5 Nf4 34. Qb3 Rh5 35. d7 Ne6 36. Rf1 Qe2 37. Qb4 Rc5 38. f4 a5 39. Qa3 Qe4+ 40. Ka1 Qxa4 41. Qxa4 bxa4 42. f5 Ng7 43. Rde1 Kc7 44. f6 Ne6 45. Rd1 Rh8 46. Ka2 Rhh5 47. Ka3 Rcd5 48. Kxa4 Nc5+ 49. Kxa5 Nd3+ 0-1

[Event "EU-ch U20 Girls"]
[Site "Aviles"]
[Date "2000.08.26"]
[Round "10"]
[White "Iwaniuk, Dorota"]
[Black "Chasovnikova, Eugenia"]
[Result "0-1"]
[WhiteElo "2220"]
[BlackElo "2251"]
[PlyCount "86"]
[EventDate "2000.08.18"]
[EventType "swiss"]
[EventRounds "11"]
[EventCountry "ESP"]
[SourceTitle "CBM 077 Extra"]
[Source "ChessBase"]
[SourceDate "2000.09.14"]
[SourceVersion "1"]
[SourceVersionDate "2000.09.14"]
[SourceQuality "1"]

1. e4 g6 2. d4 Bg7 3. Nc3 d6 4. Nge2 a6 5. a4 Nf6 6. g3 0-0 7. Bg2 Nbd7 8. h3 Rb8 9. a5 c5 10. Be3 b5 11. axb6 cxd4 12. Nxd4 Bb7 13. Nb3 Nxb6 14. Na5 Ba8 15. 0-0 Qc8 16. Bd4 e5 17. Be3 Rd8 18. Qd3 d5 19. Bxb6 Rxb6 20. Nxd5 Nxd5 21. exd5 Rxb2 22. c4 f5 23. Rfb1 e4 24. Qe3 Rc2 25. Rc1 Bxa1 26. Rxc2 Rxd5 27. Qb6 Rd3 28. c5 Bd4 29. Kh2 Bd5 30. Qd6 Qe6 31. Bf1 Rc3 32. Qd8+ Kg7 33. Rd2 Qe5 34. Qd7+ Kh6 35. Qd6 Rxc5 36. Qf8+ Qg7 37. Qd8 Qf6 38. Qb8 Rxa5 39. Qf4+ g5 40. Qc7 Ra2 41. Rxa2 Bxa2 42. h4 gxh4 43. Qf4+ Kg7 0-1

[Event "EU-ch U20 Girls"]
[Site "Aviles"]
[Date "2000.08.24"]
[Round "8"]
[White "Paehtz, Elisabeth"]
[Black "Iwaniuk, Dorota"]
[Result "0-1"]
[WhiteElo "2343"]
[BlackElo "2220"]
[PlyCount "94"]
[EventDate "2000.08.18"]
[EventType "swiss"]
[EventRounds "11"]
[EventCountry "ESP"]
[SourceTitle "CBM 077 Extra"]
[Source "ChessBase"]
[SourceDate "2000.09.14"]
[SourceVersion "1"]
[SourceVersionDate "2000.09.14"]
[SourceQuality "1"]

1. e4 e6 2. d4 d5 3. Nc3 Bb4 4. e5 c5 5. a3 Bxc3+ 6. bxc3 Qc7 7. Qg4 f5 8. Qg3 cxd4 9. cxd4 Ne7 10. Bd2 0-0 11. Bd3 b6 12. Ne2 Ba6 13. Nf4 Qd7 14. Bb4 Rf7 15. h4 Bxd3 16. Qxd3 Nbc6 17. Rh3 Rc8 18. Bd2 Nd8 19. a4 Rc4 20. a5 b5 21. Ne2 Nec6 22. a6 Qc7 23. Kf1 Qb6 24. h5 b4 25. h6 g6 26. Bg5 Nb8 27. Nf4 Nbc6 28. Ne2 Rd7 29. Rh4 Nb8 30. Bf6 Ndc6 31. Kg1 Nxa6 32. Nf4 Nc7 33. Qg3 Qxd4 34. Nxg6 Qxa1+ 35. Kh2 Rxh4+ 36. Bxh4 Kf7 37. Qg5 Ne8 38. f4 Qd1 39. Nh8+ Kf8 40. Ng6+ hxg6 41. Qxg6 Ne7 42. Qxe6 Qh5 43. g3 Rc7 44. c4 dxc4 45. Kg2 Qf7 46. h7 Qxe6 47. h8Q+ Ng8 0-1

[Event "EU-ch U20 Girls"]
[Site "Aviles"]
[Date "2000.08.20"]
[Round "5"]
[White "Iwaniuk, Dorota"]
[Black "Rohonyan, Katerina"]
[Result "0-1"]
[WhiteElo "2220"]
[BlackElo "2194"]
[PlyCount "88"]
[EventDate "2000.08.18"]
[EventType "swiss"]
[EventRounds "11"]
[EventCountry "ESP"]
[SourceTitle "CBM 077 Extra"]
[Source "ChessBase"]
[SourceDate "2000.09.14"]
[SourceVersion "1"]
[SourceVersionDate "2000.09.14"]
[SourceQuality "1"]

1. e4 d6 2. d4 Nf6 3. Nc3 g6 4. g3 Bg7 5. Bg2 0-0 6. Nge2 c6 7. a4 a5 8. h3 e5 9. Be3 Be6 10. d5 cxd5 11. exd5 Bd7 12. 0-0 Na6 13. Nb5 Bxb5 14. axb5 Nc5 15. f4 exf4 16. Bxc5 dxc5 17. Nxf4 Ne8 18. c3 Nd6 19. Qe2 Qb6 20. c4 Rae8 21. Qc2 Nf5 22. Kh2 Ne3 23. Qb3 Nxf1+ 24. Rxf1 Bd4 25. d6 Qxd6 26. Bxb7 Re3 27. Qd1 Qe5 28. Bd5 Bxb2 29. b6 Qc3 30. Qg4 Qd2+ 31. Bg2 Be5 32. b7 Rb3 33. Qd1 Qb2 34. Qd5 Bxf4 35. Rxf4 a4 36. Qxc5 a3 37. Rf2 Qc3 38. Qc7 Rb2 39. b8Q Rbxb8 40. Bd5 Rb2 41. Bxf7+ Kh8 42. Rg2 Rxg2+ 43. Kxg2 Qb2+ 44. Kf3 Qf6+ 0-1

[Event "EU-ch U20 Girls"]
[Site "Aviles"]
[Date "2000.08.17"]
[Round "2"]
[White "Sanchez Martin, Vanessa"]
[Black "Iwaniuk, Dorota"]
[Result "0-1"]
[WhiteElo "2039"]
[BlackElo "2220"]
[PlyCount "88"]
[EventDate "2000.08.18"]
[EventType "swiss"]
[EventRounds "11"]
[EventCountry "ESP"]
[SourceTitle "CBM 077 Extra"]
[Source "ChessBase"]
[SourceDate "2000.09.14"]
[SourceVersion "1"]
[SourceVersionDate "2000.09.14"]
[SourceQuality "1"]

1. e4 c5 2. Nf3 d6 3. d4 cxd4 4. Nxd4 Nf6 5. Nc3 a6 6. Be3 e5 7. Nb3 Be6 8. f3 h5 9. Qd2 Nbd7 10. 0-0-0 Be7 11. Kb1 Rc8 12. Nd5 Bxd5 13. exd5 Nb6 14. Bxb6 Qxb6 15. c4 Nd7 16. Bd3 g6 17. Rc1 Kf8 18. g4 hxg4 19. fxg4 Kg7 20. Rcf1 Rh3 21. Rhg1 Qe3 22. Qxe3 Rxe3 23. Rd1 e4 24. Bf1 Ne5 25. Nd2 Bg5 26. b3 Rh8 27. h3 Nf3 28. Nxf3 exf3 29. b4 f2 30. Rh1 Re1 31. Bg2 Rxh1 32. Rxh1 Rc8 33. c5 dxc5 34. bxc5 Rxc5 35. d6 Re5 36. Rd1 Re1 37. Kc2 Re2+ 38. Kb3 b5 39. d7 Bd8 40. Bf1 Re1 41. Kc2 Kf6 42. a4 bxa4 43. Bxa6 a3 44. Kd2 Rxd1+ 0-1

[Event "POL-ch U20 Girls"]
[Site "Trzebinia"]
[Date "2000.??.??"]
[Round "?"]
[White "Iwaniuk, Dorota"]
[Black "Glazik, Malgorzata"]
[Result "1-0"]
[WhiteElo "2211"]
[BlackElo "2146"]
[PlyCount "87"]
[EventDate "2000.04.??"]
[EventType "tourn"]
[EventRounds "11"]
[EventCountry "POL"]
[SourceTitle "EXT 2005"]
[Source "ChessBase"]
[SourceDate "2004.11.15"]
[SourceVersion "1"]
[SourceVersionDate "2004.11.15"]
[SourceQuality "1"]

1. e4 e5 2. Nf3 d6 3. d4 Nf6 4. Nc3 Nbd7 5. Bc4 Be7 6. 0-0 0-0 7. Re1 c6 8. a4 b6 9. Bg5 h6 10. Bh4 Re8 11. Qd2 a6 12. Bb3 Qc7 13. Qe2 exd4 14. Nxd4 Ne5 15. f4 Bg4 16. Qf1 Ng6 17. Bg3 Nh5 18. f5 Bf6 19. fxg6 Bxd4+ 20. Bf2 Bxf2+ 21. Qxf2 Be6 22. gxf7+ Bxf7 23. Bxf7+ Qxf7 24. Qxb6 Qc4 25. Qe3 Re5 26. Rad1 Qb4 27. b3 Rae8 28. Rd4 Qc5 29. b4 Qb6 30. Rxd6 Qxb4 31. Rxc6 Nf6 32. Qb6 a5 33. Qxb4 axb4 34. Na2 Rxe4 35. Rxe4 Rxe4 36. Kf2 Nd5 37. Rc5 Rd4 38. a5 Nf6 39. Ke3 Re4+ 40. Kd3 Kf7 41. a6 Re8 42. Nxb4 Ra8 43. Rc7+ Kf8 44. a7 1-0

[Event "POL-ch U20 Girls"]
[Site "Trzebinia"]
[Date "2000.??.??"]
[Round "?"]
[White "Pokojska, Daria"]
[Black "Iwaniuk, Dorota"]
[Result "0-1"]
[WhiteElo "2103"]
[BlackElo "2211"]
[PlyCount "80"]
[EventDate "2000.04.??"]
[EventType "tourn"]
[EventRounds "11"]
[EventCountry "POL"]
[SourceTitle "EXT 2005"]
[Source "ChessBase"]
[SourceDate "2004.11.15"]
[SourceVersion "1"]
[SourceVersionDate "2004.11.15"]
[SourceQuality "1"]

1. c4 e5 2. Nc3 Nf6 3. g3 Bb4 4. Bg2 Nc6 5. e3 0-0 6. Nge2 Re8 7. 0-0 d6 8. a3 Bxc3 9. Nxc3 e4 10. d4 exd3 11. Qxd3 Ne5 12. Qc2 Nxc4 13. Nb5 a6 14. Qxc4 axb5 15. Qxb5 c6 16. Qd3 d5 17. b4 Ne4 18. Bb2 Nd6 19. Rfd1 Bf5 20. Qd4 Qg5 21. Qc3 Nc4 22. a4 h5 23. Rd4 Nd6 24. Rh4 f6 25. b5 Rec8 26. Qd4 Be4 27. Bxe4 Nxe4 28. Qd1 g6 29. Rf4 Rf8 30. h4 Qh6 31. Rc1 g5 32. hxg5 fxg5 33. Rxf8+ Rxf8 34. Rc2 g4 35. a5 Ng5 36. a6 Nf3+ 37. Kg2 h4 38. Qh1 h3+ 39. Kf1 Qg6 40. Rc3 Qb1+ 0-1

[Event "EU-ch U20 Girls"]
[Site "Patras"]
[Date "1999.10.16"]
[Round "11"]
[White "Kalinina, Vladislava"]
[Black "Iwaniuk, Dorota"]
[Result "1-0"]
[WhiteElo "2239"]
[BlackElo "2189"]
[PlyCount "113"]
[EventDate "1999.10.02"]
[EventType "swiss"]
[EventRounds "13"]
[EventCountry "GRE"]
[SourceTitle "CBM 072 Extra"]
[Source "ChessBase"]
[SourceDate "1999.11.18"]
[SourceVersion "1"]
[SourceVersionDate "1999.11.18"]
[SourceQuality "1"]

1. e4 c5 2. Nf3 d6 3. d4 cxd4 4. Qxd4 Nc6 5. Bb5 Bd7 6. Bxc6 Bxc6 7. Nc3 Nf6 8. Bg5 e6 9. 0-0-0 Be7 10. Rhe1 0-0 11. Qd2 Qc7 12. Nd4 Rfd8 13. f4 Rab8 14. Qe2 h6 15. Bxf6 Bxf6 16. f5 Qb6 17. Qd3 Bxd4 18. Qxd4 Qxd4 19. Rxd4 Kf8 20. g4 Ke7 21. h4 Kf6 22. Red1 Ke5 23. R1d3 h5 24. fxe6 fxe6 25. gxh5 Rh8 26. b4 a6 27. a4 Rbd8 28. b5 axb5 29. axb5 Be8 30. Rc4 Rxh5 31. Rg3 g6 32. Rc7 Kf4 33. Rg1 b6 34. Rc4 Ke5 35. Rg4 Ra8 36. Kd2 d5 37. exd5 exd5 38. Rc7 d4 39. Ne2 Rd8 40. Ng3 Rh8 41. Rb7 Rd6 42. Rg5+ Kf4 43. Ne2+ Kf3 44. Ng1+ Kf4 45. Nh3+ Kf3 46. Ng1+ Kf4 47. Ne2+ Kf3 48. Re7 Rf8 49. Ng1+ Kf4 50. Kd3 Bxb5+ 51. Rxb5 Rf5 52. Re4+ Kg3 53. Ne2+ Kf2 54. Rxf5+ gxf5 55. Rf4+ Ke1 56. Rxf5 b5 57. Ng3 1-0

[Event "EU-ch U20 Girls"]
[Site "Patras"]
[Date "1999.10.15"]
[Round "10"]
[White "Tqeshelashvili, Sopio"]
[Black "Iwaniuk, Dorota"]
[Result "1-0"]
[WhiteElo "2284"]
[BlackElo "2189"]
[PlyCount "89"]
[EventDate "1999.10.02"]
[EventType "swiss"]
[EventRounds "13"]
[EventCountry "GRE"]
[SourceTitle "CBM 072 Extra"]
[Source "ChessBase"]
[SourceDate "1999.11.18"]
[SourceVersion "1"]
[SourceVersionDate "1999.11.18"]
[SourceQuality "1"]

1. e4 e6 2. d4 d5 3. e5 c5 4. c3 Nc6 5. Nf3 Bd7 6. Bd3 Rc8 7. a3 cxd4 8. cxd4 Qb6 9. Bc2 Nh6 10. Nc3 g6 11. 0-0 Nf5 12. Ne2 Be7 13. Rb1 0-0 14. Bxf5 exf5 15. Nf4 Be6 16. h4 Na5 17. b3 Rfd8 18. h5 Rc6 19. g3 Rc3 20. Bd2 Rxb3 21. Bxa5 Rxb1 22. Qxb1 Qxa5 23. Nxe6 fxe6 24. Qxb7 Qxa3 25. Kg2 gxh5 26. Rh1 h4 27. Nxh4 a5 28. Qc6 Bxh4 29. Qxe6+ Kh8 30. Rxh4 Qf8 31. Qa6 Ra8 32. Qb7 Qg8 33. Rxh7+ Qxh7 34. Qxa8+ Qg8 35. Qxa5 f4 36. Qd2 f3+ 37. Kxf3 Qg6 38. Qf4 Qd3+ 39. Kg2 Qe2 40. Qh6+ Kg8 41. Qe6+ Kh8 42. Qxd5 Qg4 43. e6 Qg6 44. e7 Qe8 45. Qd8 1-0

[Event "EU-ch U20 Girls"]
[Site "Patras"]
[Date "1999.10.14"]
[Round "9"]
[White "Iwaniuk, Dorota"]
[Black "Batyte, Daiva"]
[Result "1-0"]
[WhiteElo "2189"]
[BlackElo "2107"]
[PlyCount "79"]
[EventDate "1999.10.02"]
[EventType "swiss"]
[EventRounds "13"]
[EventCountry "GRE"]
[SourceTitle "CBM 072 Extra"]
[Source "ChessBase"]
[SourceDate "1999.11.18"]
[SourceVersion "1"]
[SourceVersionDate "1999.11.18"]
[SourceQuality "1"]

1. e4 e6 2. d4 d5 3. Nc3 Nf6 4. e5 Nfd7 5. f4 a6 6. Nf3 c5 7. Be3 cxd4 8. Nxd4 Nc6 9. Qd2 Bb4 10. a3 Nxd4 11. Bxd4 Bc5 12. 0-0-0 b5 13. Bxc5 Nxc5 14. Qd4 Nd7 15. h4 Qb6 16. Ne2 0-0 17. Rh3 f6 18. exf6 Qxd4 19. Nxd4 Rxf6 20. Re3 Nc5 21. g3 Bd7 22. Nf3 Ne4 23. Ne5 Be8 24. Bg2 Nd6 25. Rxd5 Nc4 26. Nxc4 exd5 27. Bxd5+ Bf7 28. Bxa8 Bxc4 29. b3 Bf7 30. Kb2 Kf8 31. Kc3 a5 32. Kd4 Be8 33. c4 a4 34. cxb5 Bxb5 35. b4 h6 36. Kc5 Bd7 37. b5 g6 38. b6 Rf5+ 39. Re5 Rf6 40. Bd5 1-0

[Event "EU-ch U20 Girls"]
[Site "Patras"]
[Date "1999.10.13"]
[Round "8"]
[White "Goletiani, Rusudan"]
[Black "Iwaniuk, Dorota"]
[Result "1-0"]
[WhiteElo "2386"]
[BlackElo "2189"]
[PlyCount "117"]
[EventDate "1999.10.02"]
[EventType "swiss"]
[EventRounds "13"]
[EventCountry "GRE"]
[SourceTitle "CBM 072 Extra"]
[Source "ChessBase"]
[SourceDate "1999.11.18"]
[SourceVersion "1"]
[SourceVersionDate "1999.11.18"]
[SourceQuality "1"]

1. e4 c5 2. Nf3 d6 3. d4 cxd4 4. Qxd4 Nc6 5. Bb5 Bd7 6. Bxc6 Bxc6 7. Nc3 Nf6 8. Bg5 e6 9. 0-0-0 Be7 10. Rhe1 Qc7 11. Nd5 Bxd5 12. exd5 e5 13. Qa4+ Qd7 14. Qh4 0-0 15. Kb1 Rac8 16. Qb4 Rc5 17. Nxe5 Qf5 18. Bxf6 Bxf6 19. Nd3 Rxd5 20. Qxb7 Rb5 21. Qe4 Qc8 22. c4 Rb6 23. Re2 Rc6 24. Rc1 g6 25. Nb4 Rc5 26. Nd5 Bd8 27. g4 Qa6 28. Qd4 Bg5 29. f4 Rxd5 30. Qxd5 Bxf4 31. Rf1 Be5 32. h4 Qc8 33. Ref2 Qb8 34. h5 Kh8 35. hxg6 hxg6 36. Rh1+ Kg7 37. g5 Qb6 38. Rhf1 Kg8 39. b3 Qc7 40. Rh1 Qe7 41. Rhf1 Qc7 42. Qe4 a5 43. Rh1 Bg7 44. Qh4 Re8 45. Qh7+ Kf8 46. Qxg6 Re2 47. Rhf1 Rxf2 48. Rxf2 Qe7 49. Kc2 Kg8 50. Qf5 a4 51. bxa4 Qb7 52. Kc1 Qh1+ 53. Rf1 Qb7 54. Kd1 Qc7 55. g6 fxg6 56. Qe6+ Kh7 57. Rh1+ Bh6 58. Qh3 Qg7 59. Qxh6+ 1-0

[Event "MK Cafe Cup-B"]
[Site "Koszalin"]
[Date "1999.08.12"]
[Round "9"]
[White "Dobrowolski, Piotr"]
[Black "Iwaniuk, Dorota"]
[Result "1-0"]
[WhiteElo "2376"]
[BlackElo "2189"]
[PlyCount "59"]
[EventDate "1999.08.03"]
[EventType "swiss"]
[EventRounds "10"]
[EventCountry "POL"]
[SourceTitle "EXT 2000"]
[Source "ChessBase"]
[SourceDate "1999.11.16"]
[SourceVersion "1"]
[SourceVersionDate "1999.11.16"]
[SourceQuality "1"]

1. e4 c5 2. Nf3 d6 3. d4 cxd4 4. Nxd4 Nf6 5. Nc3 a6 6. Be3 e5 7. Nb3 Be6 8. Qd2 Nbd7 9. f3 b5 10. g4 Nb6 11. g5 Nfd7 12. f4 Nc4 13. Bxc4 Bxc4 14. f5 Be7 15. Rg1 a5 16. Nd5 a4 17. Nc1 Bxd5 18. exd5 Qa5 19. c3 Rc8 20. a3 g6 21. Rf1 Bd8 22. Na2 Bb6 23. Nb4 Bxe3 24. Qxe3 Rc4 25. 0-0-0 0-0 26. Qh3 Qc7 27. Nc6 Nb8 28. Ne7+ Kh8 29. fxg6 Rxc3+ 30. bxc3 1-0